Hacking exposed Windows (Бичлэгийн дугаар. 146152)
| 000 -УДИРДЛАГА | |
|---|---|
| Удирдлага | 01298nam a22003977a 4500 |
| 003 - ХЯНАЛТЫН ТОО ТОДОРХОЙЛОГЧ | |
| Код | MN-UlNUM |
| 005 - БИЧИЛТ ХИЙСЭН ОГНОО | |
| Тухайн бичилтийг бичсэн засварласан сүүлийн огноо | 20260109194513.0 |
| 008 - ЕРӨНХИЙ МЭДЭЭЛЭЛ | |
| Ерөнхий мэдээлэл | 260109s2008 nyua 000 0 eng |
| 020 ## - ISBN | |
| ISBN | 9780071494267 |
| 040 ## - БИЧЛЭГ ҮҮСГЭГЧ БАЙГУУЛЛАГА | |
| Бичлэг үүсгэгч номын сангийн код | МУИС-ийн номын сан |
| 084 ## - ББК АНГИЛАЛ | |
| Нэмэлт тусгалт | Гарын авлага |
| ББК ангилал | 32.973 |
| Зохиогчийн гурван тэмдэгт | S 30 |
| Мэдлэгийн ялгаа | 3 - Техник |
| 100 1# - ЗОХИОГЧ | |
| Зохиогчийн нэр | Scambray, Joel |
| 245 10 - ҮНДСЭН ГАРЧИГ | |
| Номын нэр | Hacking exposed Windows |
| Бага гарчгийн мэдээ | Windows security secrets & solutions |
| Оролцогчдын тухай мэдээ | Joel Scambray, Stuart McClure |
| 250 ## - ДАХИН ХЭВЛЭЛТ | |
| Дахин гаралтын дугаар | 3rd ed. |
| 260 ## - ГАРАЛТЫН МЭДЭЭ | |
| Хэвлэгдсэн газар | New York, NY |
| Хэвлэлийн газар | McGraw-Hill |
| Хэвлэгдсэн он | 2008 |
| 300 ## - МАТЕРИАЛЫН ТОДОРХОЙЛОЛТ | |
| хуудасны тоо | xxvi, 451 p. |
| Бусад тоон мэдээлэл | ill. |
| Хэмжээ | 24 cm. |
| 500 ## - Тайлбар | |
| Дансны дугаар | БС 6105 |
| 546 ## - ХЭЛНИЙ ТУХАЙ МЭДЭЭ | |
| Хэл | Англи хэл дээр, |
| 653 ## - Түлхүүр үг | |
| Түлхүүр үг | computer security |
| 653 ## - Түлхүүр үг | |
| Түлхүүр үг | microsoft windows (computer file) |
| 700 1# - ХАМ ЗОХИОГЧИД | |
| Ба бус | McClure, Stuart. |
| 740 ## - НОМЫН ГАРЧИГ | |
| Гарчиг | Information Security Basics |
| 740 ## - НОМЫН ГАРЧИГ | |
| Гарчиг | The Windows Security Architecture from the Hacker's Perspective |
| 740 ## - НОМЫН ГАРЧИГ | |
| Гарчиг | Footprinting and Scanning |
| 740 ## - НОМЫН ГАРЧИГ | |
| Гарчиг | Enumeration |
| 740 ## - НОМЫН ГАРЧИГ | |
| Гарчиг | Hacking Windows-Specific Services |
| 740 ## - НОМЫН ГАРЧИГ | |
| Гарчиг | Discovering and Exploiting Windows Vulnerabilities |
| 740 ## - НОМЫН ГАРЧИГ | |
| Гарчиг | Post-Exploit Pillaging |
| 740 ## - НОМЫН ГАРЧИГ | |
| Гарчиг | Achieving Stealth and Maintaining Presence |
| 740 ## - НОМЫН ГАРЧИГ | |
| Гарчиг | Hacking SQL Server |
| 740 ## - НОМЫН ГАРЧИГ | |
| Гарчиг | Hacking Microsoft Client Apps |
| 740 ## - НОМЫН ГАРЧИГ | |
| Гарчиг | Physical Attacks |
| 740 ## - НОМЫН ГАРЧИГ | |
| Гарчиг | Windows Security Features and Tools |
| 942 ## - ЭЛЕМЕНТИЙН ТӨРӨЛ | |
| Зүйлийн төрөл | Ном |
